[Event "Mittelfranken-chTB2a 1718"]
[Site "Mittelfranken"]
[Date "2018.04.08"]
[Round "7.4"]
[White "Muenster, Manfred"]
[Black "Loy, Wolfgang"]
[Result "0-1"]
[WhiteElo "1895"]
[BlackElo "1727"]
[PlyCount "98"]
[EventDate "2017.10.08"]
[EventType "team-tourn"]
[EventRounds "9"]
[EventCountry "GER"]
[SourceTitle "EXT 2022"]
[Source "ChessBase"]
[SourceDate "2021.10.06"]
[SourceVersion "1"]
[SourceVersionDate "2021.10.06"]
[SourceQuality "1"]
[WhiteTeam "Heilsbronn"]
[BlackTeam "Treuchtlingen/Wet SG"]
[WhiteTeamCountry "GER"]
[BlackTeamCountry "GER"]

1. Nc3 d5 2. e4 d4 3. Nce2 Nc6 4. Ng3 Nf6 5. Bb5 e5 6. Bxc6+ bxc6 7. Nf3 Bd6 8. d3 Bb4+ 9. Bd2 Bxd2+ 10. Qxd2 Qd6 11. Qg5 Qb4+ 12. Kf1 0-0 13. Qxe5 Qxb2 14. Qxd4 Qxc2 15. Ne1 Qd2 16. e5 Nd5 17. Ne4 Qf4 18. h3 Bf5 19. g3 Qh6 20. Kg2 Qg6 21. Nc5 Rab8 22. a3 Rfd8 23. Rd1 Nb6 24. Qh4 Be6 25. Rf1 Rd5 26. Na6 Rc8 27. Nxc7 Ra5 28. d4 Nd7 29. Qe7 Nf8 30. Qb4 Rd5 31. Nxd5 Bxd5+ 32. Kh2 Be6 33. Ng2 Qf5 34. g4 Qf3 35. Ne3 h5 36. d5 cxd5 37. Rd4 hxg4 38. Nxg4 Nh7 39. Rf4 Qd3 40. Re1 Ng5 41. Re3 Qd1 42. Qe1 Qc2 43. Qe2 Qb1 44. Rb4 Qf5 45. Qd3 Ne4 46. Rf3 Qh5 47. Rf4 Rc3 48. Qd1 Rxh3+ 49. Kg2 Rh2+ 0-1

[Event "Mittelfranken-chTB2a 1718"]
[Site "Mittelfranken"]
[Date "2018.02.18"]
[Round "5.4"]
[White "Mueller, Norbert"]
[Black "Loy, Wolfgang"]
[Result "1/2-1/2"]
[WhiteElo "1906"]
[BlackElo "1727"]
[PlyCount "86"]
[EventDate "2017.10.08"]
[EventType "team-tourn"]
[EventRounds "9"]
[EventCountry "GER"]
[SourceTitle "EXT 2022"]
[Source "ChessBase"]
[SourceDate "2021.10.06"]
[SourceVersion "1"]
[SourceVersionDate "2021.10.06"]
[SourceQuality "1"]
[WhiteTeam "Bad Windsheim/Ansbach"]
[BlackTeam "Treuchtlingen/Wet SG"]
[WhiteTeamCountry "GER"]
[BlackTeamCountry "GER"]

1. e4 e5 2. Nf3 Nc6 3. Bc4 Bc5 4. d3 d6 5. h3 h6 6. Nc3 Nge7 7. a3 a6 8. b4 Ba7 9. Bb2 Nd4 10. Nxd4 Bxd4 11. Qh5 Ng6 12. Nd1 Bxb2 13. Nxb2 Qf6 14. g3 Be6 15. Qe2 b5 16. Bxe6 fxe6 17. Nd1 0-0 18. Ne3 c6 19. Ng4 Qd8 20. h4 a5 21. h5 Nh8 22. c3 Nf7 23. Kd2 Ng5 24. Rhf1 Nf3+ 25. Kc2 Qg5 26. Ne3 axb4 27. axb4 Qxh5 28. g4 Qf7 29. Kb2 Qf4 30. Rh1 Rxa1 31. Rxa1 Ng5 32. Nd1 Nh3 33. Ra6 Rc8 34. Qe3 Qxe3 35. fxe3 Ng5 36. Kb3 d5 37. exd5 exd5 38. c4 bxc4+ 39. dxc4 dxc4+ 40. Kxc4 Ne6 41. Nf2 Kf7 42. Nd3 Kf6 43. Nc5 Nd8 1/2-1/2